000 00814cam a2200241 a 4500
001 000019268
005 20200929165952.0
008 760709s1961 ve 000 0 spa d
040 _aDO-SdBNP
_bspa
_cLC
_dBNPHU
050 0 0 _aGR133.V4
_bR3
082 _ann*
_bR175f
100 1 _aRamon y Rivera, Luis Felipe,
_d1913-1994.
_914405
245 1 0 _aFolklore tachirense /
_cL. F. Ramon y Rivera e Isabel Aretz.
260 _aCaracas ;,
_c1961.
300 _a335 p. :
_bil. ;
_c24 cm.
490 1 _aBiblioteca de Autores y Temas Tachirenses,
_v24
500 _aLa biblioteca sólo posee el volumen 1.
650 0 _aFolklore
_zVenezuela
_zTachira.
_941452
700 1 _aAretz, Isabel.
_937365
830 0 _aBiblioteca de Autores y Temas Tachirenses,
_v24
_94143
910 _aCatalogación derivada / LC
049 _aBNGR
999 _c18786
_d18786